| 000 | 00463cam a2200193 4500 | ||
|---|---|---|---|
| 001 | D9069 | ||
| 008 | 090401t1974 xxu||||| |||| 00| 0 eng d | ||
| 035 | _a(Sirsi) u17253 | ||
| 041 | _aeng | ||
| 050 | _a692.3 | ||
| 100 | _aStratten, P.E. | ||
| 245 | _aRole of drawings | ||
| 260 |
_aLondon _bStandard Method of Measurement Developme _c1974 |
||
| 300 | _a29 leaves. 30cm | ||
| 350 | _a0 | ||
| 520 | _aFiled at SMMDU/10 | ||
| 942 | _n0 | ||
| 948 | _c04/03/1997 | ||
| 999 |
_c87491 _d87491 |
||